000
00281nam a22001337a 4500
008
181019b xxu||||| |||| 00| 0 eng d
020
_a
9780471284925
041
_a
eng
080
_a
701
100
_a
44
101
_a
ART
245
_a
Type& Image
_c
Meggs,P.B
942
_2
udc
_c
BK
999
_c
50257
_d
50257